Argentina world cup squad 2022 - Statistics

General Stats
  • This quiz has been taken 40 times
  • The average score is 18 of 26
Answer Stats
Position Club Answer % Correct
Fw PSG Lionel Messi
97%
Gk Aston Villa Emiliano Martinez
94%
Fw Inter Lautaro Martinez
94%
Df Manchester United Lisandro Martinez
91%
Fw Roma Paulo Dybala
91%
Fw Juventus Angel di Maria
88%
Fw Manchester City Julian Alvarez
85%
Mf Atletico Madrid Rodrigo de Paul
82%
Df Tottenham Hotspur Cristian Romero
76%
Mf Brighton Alexis Mac Allister
74%
Df Benfica Nicolas Otamendi
74%
Gk Villareal Geronimo Rulli
71%
Fw Inter Joaquin Correa
68%
Gk River Plate Franco Armani
65%
Mf Juventus Leandro Paredes
65%
Df Sevilla Marcos Acuña
65%
Df Villareal Juan Foyth
62%
Mf Benfica Enzo Fernandez
59%
Df Lyon Nicolas Tagliafico
59%
Mf Sevilla Alejandro Gomez
56%
Df Atletico Madrid Nahuel Molina
56%
Df Sevilla Gonzalo Montiel
50%
Df Real Betis German Pezzella
47%
Mf Bayer Leverkussen Exequiel Palacios
41%
Mf Real Betis Guido rodriguez
35%
Fw Fiorentina Nicolas Gonzales
21%
No matching quizzes found
Score Distribution
Percent of People with Each Score
Percentile by Number Answered
Your Score History
You have not taken this quiz